00395nam a22001217a 4500008004100000020001800041082001500059100002600074245006700100260005000167300001900217650003700236211102b |||||||| |||| 00| 0 eng d a9789937622479 aN920/D434k aDhungel, Dwarika Nath aKaathdekhi darbarsamma( Ram Chandra Dhungelko pariwarko katha) aKathmandu:bMakalu Prakasan Griha,c2071.B.S. b273p. ; illus. aDhungel, Dwarika Nath- biography